LIBRARY ONLINE CATALOGUE

Vegetation ecology / (Record no. 7278)

MARC details
000 -LEADER
fixed length control field 00600nam a22002052 4500
001 - CONTROL NUMBER
control field 0000006341
005 - DATE AND TIME OF LATEST TRANSACTION
control field 20151217152016.0
008 - FIXED-LENGTH DATA ELEMENTS--GENERAL INFORMATION
fixed length control field 071022s xx 000 0 eng d
020 ## - INTERNATIONAL STANDARD BOOK NUMBER
International Standard Book Number 0632057610 :
Terms of availability KES 5950
040 ## - CATALOGING SOURCE
Original cataloging agency KABU
Transcribing agency KABU
245 10 - TITLE STATEMENT
Title Vegetation ecology /
Statement of responsibility, etc. ed. by Eddy van der Maarel.
260 ## - PUBLICATION, DISTRIBUTION, ETC. (IMPRINT)
Place of publication, distribution, etc. Oxford :
Name of publisher, distributor, etc. Blackwell,
Date of publication, distribution, etc. 2005.
300 ## - PHYSICAL DESCRIPTION
Extent x, 395 p.
650 #0 - SUBJECT ADDED ENTRY--TOPICAL TERM
Topical term or geographic name as entry element Plant ecology.
-- 0000155378
650 #0 - SUBJECT ADDED ENTRY--TOPICAL TERM
Topical term or geographic name as entry element Plant communities.
-- 0000157797
700 1# - ADDED ENTRY--PERSONAL NAME
Personal name van der Maarel, Eddy.
-- 0000157798
908 ## - PUT COMMAND PARAMETER (RLIN)
Put command parameter 071022
950 ## - LOCAL HOLDINGS (RLIN)
-- 1
Holdings
Withdrawn status Lost status Source of classification or shelving scheme Not for loan Home library Current library Date acquired Total Checkouts Full call number Barcode Date last seen Date last checked out Price effective from Koha item type
    Library of Congress Classification   Kabarak, Main Campus Kabarak, Main Campus 17/12/2015 2 QK901 .V44 010743 13/03/2017 13/02/2017 17/12/2015 General Collection